| 000 | 01369nam1a2200277 i 4500 | ||
|---|---|---|---|
| 001 | RU\NLR\bibl\437277 | ||
| 005 | 20240920054224.0 | ||
| 035 | _a(NLR Aleph) 000431057 | ||
| 090 |
_a754625 _c754625 |
||
| 100 | _a20030919g2002 u y0rusy50 ca | ||
| 101 | 0 | _arus | |
| 102 | _aRU | ||
| 105 | _aa z ||||| | ||
| 200 | 1 |
_aГидромеханика заправочных систем _eУчеб. пособие по курсу "Механика жидкости и газа" _e[Для студентов 3-го курса по спец. "Стартовые ракет. комплексы"] _fС.В. Кобызев _gМГТУ им. Н.Э. Баумана |
|
| 210 |
_aМ. _cИзд-во МГТУ _d2002 |
||
| 215 | _d20 | ||
| 463 | 0 | _1001427822 | |
| 606 | 0 |
_aРакеты _jРуководства, пособия и т.п. для высшей школы _xЗаправка _xОборудование _92038877 _3RU\NLR\auth\66939800 |
|
| 606 | 0 |
_aРакеты _jУчебные издания для высших учебных заведений _xЗаправка _xОборудование _92038877 _3RU\NLR\auth\66939800 |
|
| 686 | _aО63-082.057-5я73-1 | ||
| 700 | 1 |
_aКобызев _bС. В. _gСергей Владимирович _4070 |
|
| 801 | 0 |
_aRU _bNLR _c20030919 _gPSBO |
|
| 801 | 1 |
_aRU _bNLR _c20030919 |
|
| 852 |
_aNLR _j2003-4/15232 |
||
| 942 | _cBOOK | ||